000
00321nam a2200133Ia 4500
005
20251222144849.0
008
251222s9999||||xx |||||||||||||| ||spa||
020
_a
0521-34864-1
082
_a
425.03/D85/Ej.4
100
_a
Doff, Adrian
245
0
_a
Teach English:
264
_b
Cambridge University Press
942
_c
LIB
999
_c
21545
_d
21545